000 00705nas a2200241 4500
001 BR8201646
003 BR-BrBNA
005 20231205085105.0
007 ta
008 230509b bl.|||p| |||| 00| 00por d
040 _aBR-BrBNA
_bpor
_cBiblioteca Nacional de Agricultura
041 _a(Pt)
072 _aQ20
100 1 _aMorga, A.A.
245 1 _aTipos de micotoxinas nos graos [Aflatoxina]
246 1 _a[Types of mycotoxins in grains [Aflatoxin]]
650 _aGRAO
650 _aAFLATOXINA
650 _aCONTAMINACAO FUNGICA
773 0 _tActa Toxicologica (Brazil)
_xISSN 0100-6029
_g(1981), v. 4-5 p. 21-37
_wBR8201646
909 _a202311
_bLúcia
_c55
_dLúcia Elande
942 _2AGRIS
_n0
_cANA
999 _c109148
_d109148